The Impact of Socio-economic Factors on Digital Skills in the Population of the EU 27 Countries

Skúmanie digitálnych zručností v 27 krajinách EÚ a skúmanie, ako stimulačné a demotivačné faktory formujú tieto kompetencie, najmä v rôznych sociálno-ekonomických podmienkach.

Salvato in:
Dettagli Bibliografici
Autore principale: Labudová, Viera, 1958-
Altri autori: Fodranová, Iveta, 1959-
Natura: Capitolo di libro
Lingua:inglese
Soggetti:
Tags: Aggiungi Tag
Nessun Tag, puoi essere il primo ad aggiungerne!!

MARC

LEADER 00000naa a2200000 4500
001 0305047
005 20260220131526.6
041 0 |a eng 
044 |a GB 
245 1 0 |a The Impact of Socio-economic Factors on Digital Skills in the Population of the EU 27 Countries  |c Viera Labudová, Iveta Fodranová 
520 |a Skúmanie digitálnych zručností v 27 krajinách EÚ a skúmanie, ako stimulačné a demotivačné faktory formujú tieto kompetencie, najmä v rôznych sociálno-ekonomických podmienkach. 
610 2 0 |a zručnosti 
610 2 0 |a zručnosti digitálne 
610 2 0 |a Európska únia 
610 2 0 |a ekonomika 
610 2 0 |a ekonomika sociálna 
610 2 0 |a programy 
610 2 0 |a vzdelávanie 
610 2 0 |a pracovníci 
610 2 0 |a zamestnanci 
610 2 0 |a populácia 
100 1 |a Labudová, Viera, 1958- 
700 1 |a Fodranová, Iveta, 1959-